LIBRARY ONLINE CATALOGUE

Intermediate accounting / (Record no. 11087)

MARC details
000 -LEADER
fixed length control field 00789cam a22002532 4500
001 - CONTROL NUMBER
control field 0000012800
005 - DATE AND TIME OF LATEST TRANSACTION
control field 20151217154415.0
008 - FIXED-LENGTH DATA ELEMENTS--GENERAL INFORMATION
fixed length control field 090320s xx 000 0 eng d
020 ## - INTERNATIONAL STANDARD BOOK NUMBER
International Standard Book Number 0071287493 :
020 ## - INTERNATIONAL STANDARD BOOK NUMBER
International Standard Book Number 0072994025
040 ## - CATALOGING SOURCE
Original cataloging agency KABU
Transcribing agency KABU
050 #0 - LIBRARY OF CONGRESS CALL NUMBER
Classification number HF5635
Item number .S65 2007
100 1# - MAIN ENTRY--PERSONAL NAME
Personal name Spiceland, J. David.
-- 0000151907
245 10 - TITLE STATEMENT
Title Intermediate accounting /
Statement of responsibility, etc. J. David Spiceland, James F. Stepe, Lawrence A. Tomassini.
250 ## - EDITION STATEMENT
Edition statement rev. 4th ed.
260 ## - PUBLICATION, DISTRIBUTION, ETC. (IMPRINT)
Place of publication, distribution, etc. Boston :
Name of publisher, distributor, etc. Irwin/McGraw-Hill,
Date of publication, distribution, etc. 2007.
300 ## - PHYSICAL DESCRIPTION
Extent xxxviii, 1202 p.
650 #0 - SUBJECT ADDED ENTRY--TOPICAL TERM
Topical term or geographic name as entry element Accounting.
-- 0000148321
700 1# - ADDED ENTRY--PERSONAL NAME
Personal name Stepe, James F.
-- 0000151908
700 1# - ADDED ENTRY--PERSONAL NAME
Personal name Tomassini, Lawrence A.
-- 0000151909
852 1# - LOCATION
-- p3050 KES
908 ## - PUT COMMAND PARAMETER (RLIN)
Put command parameter 090320
950 ## - LOCAL HOLDINGS (RLIN)
-- 1
Holdings
Withdrawn status Lost status Source of classification or shelving scheme Damaged status Not for loan Home library Current library Date acquired Total Checkouts Full call number Barcode Date last seen Date last checked out Price effective from Koha item type Cost, normal purchase price
  Lost Library of Congress Classification     Kabarak, Main Campus Kabarak, Main Campus 17/12/2015 1 HF5635 .S65 2007 c. 1 17272 25/01/2016 25/01/2016 17/12/2015 General Collection  
    Library of Congress Classification     Kabarak, Main Campus Kabarak, Main Campus 17/12/2015 7 HF5635 .S65 2007 b c. 1 013421 30/05/2023 21/05/2023 17/12/2015 General Collection  
    Library of Congress Classification     Kabarak, Main Campus Kabarak, Main Campus 17/12/2015 4 HF5635 .S65 2007 c. 1 013596 13/08/2021 30/07/2021 17/12/2015 General Collection  
    Library of Congress Classification     Kabarak, Main Campus Kabarak, Main Campus 17/12/2015 5 HF5635 .S65 2007 c. 2 024640 16/08/2023 24/05/2023 17/12/2015 General Collection 4995.00
  Lost Library of Congress Classification     Kabarak, Main Campus Kabarak, Nakuru City Campus 17/12/2015 3 HF5635 .S65 2007 c. 1 013583 01/04/2017 01/04/2017 17/12/2015 General Collection